Irodalom és "iroda-lom" tanulmányok, cikkek, interjúk

Bibliographic Details
Main Author: Zalabai, Zsigmond, 1948-2003 (Author)
Format: Book
Language:Hungarian
PhysicalDescription:118 s. 16 cm
Published: Dunaszerdahely NAP 1997
ISBN:8085509547
Subjects:

MARC

LEADER 00000cam a2200000 a 4500
001 vtls001377486
003 SK-MaSNL
005 20260426004517.0
008 240702s1997 xo fr 000 m hun
015 |a SNBA2000/02-00693 
020 |a 8085509547 
035 |a SNK000331435 
035 |a urn:nbn:sk:snk-amjcp2 
035 |a urn:nbn:sk:snk-am002hu9 
035 |a CA39F414-9DCF-4698-9554-931EA54E0498 
040 |a SNK  |b slo  |c SNK  |e AACR2 
041 0 |a hun 
043 |a e-xo--- 
044 |a xo  |c SK 
072 7 |a 821.51.09  |x Uralskoaltajské literatúry (o nich)  |2 konspekt 
080 |a 82:894.511 (437.6)=945.11  |2 1981 
080 |a 894.511 (437.6)=945.11  |2 1981 
080 |a 821.511.141(091)  |2 2001 
080 |a 821.511.141  |2 2011 
080 |a (437.6)  |2 2011 
080 |a (048.8)  |2 2011 
100 1 |a Zalabai, Zsigmond,  |d 1948-2003  |4 aut  |9 110939 
245 1 0 |a Irodalom és "iroda-lom"  |b tanulmányok, cikkek, interjúk  |c Zalabai Zsigmond 
260 |a Dunaszerdahely  |b NAP  |c 1997 
300 |a 118 s.  |c 16 cm 
650 0 7 |a dejiny maďarskej literatúry  |2 SNK  |9 82983 
650 0 7 |a maďarská literatúra  |2 SNKPH  |9 1193 
651 7 |a Slovensko  |2 SNKPHgeo  |9 14231 
655 7 |a štúdie  |2 SNKPH  |9 57033 
752 |a Slovensko  |d Dunajská Streda 
852 |a Slovenská národná knižnica 
919 |a 80-85509-54-7 
954 |a odborná, vedecká literatúra cudzojazyčná (svetová)  |2 lita 
958 |a TL 
958 |a LX 
958 |a HU 
999 |c 980506  |d 982436 
952 |t P60, <04>, [BOOK], {604}  |a SNK  |b SNK  |y VYP  |7 0  |p 17A0219261  |o snkSD 70492 D1  |i snkKSP 11663/99  |0 0  |1 0  |4 0  |d 1999-11-24  |f 1  |l 0  |r 2005-01-02 00:00:00  |w 2026-02-24 
952 |t P60, <03>, [BOOK], {603}  |a SNK  |b SNK  |y PREZ  |7 0  |p 17A0219260  |o snkSD 70492  |i snkKSP 11662/99  |0 0  |1 0  |4 0  |d 1999-11-24  |l 0  |r 2005-01-02 00:00:00  |w 2026-02-24